[Event "Feffernitz op 32nd"]
[Site "Feffernitz"]
[Date "2023.08.06"]
[Round "2"]
[White "Hersel, Richard"]
[Black "Richter, Leonard"]
[Result "1-0"]
[WhiteElo "1914"]
[BlackElo "2244"]
[PlyCount "107"]
[EventDate "2023.08.05"]
[EventType "swiss"]
[EventRounds "9"]
[EventCountry "AUT"]
[SourceTitle "CBM 215 Extra"]
[Source "ChessBase"]
[SourceDate "2023.09.30"]
[SourceVersion "1"]
[SourceVersionDate "2023.09.30"]
[SourceQuality "1"]

1. e4 c5 2. Nf3 d6 3. d4 cxd4 4. Nxd4 Nf6 5. Nc3 a6 6. Be3 e5 7. Nb3 Be6 8. f3 Be7 9. Qd2 0-0 10. 0-0-0 Nbd7 11. g4 b5 12. g5 b4 13. Ne2 Ne8 14. f4 a5 15. f5 a4 16. fxe6 axb3 17. cxb3 fxe6 18. Bh3 Nc7 19. Kb1 Qc8 20. Rc1 Qb7 21. Rxc7 Qxc7 22. Bxe6+ Kh8 23. Qxb4 Rf3 24. Qd2 Raf8 25. Ng3 Nc5 26. Bg4 R3f7 27. b4 Nxe4 28. Nxe4 Qb7 29. Ng3 d5 30. Be6 d4 31. Bxf7 Bxb4 32. Qe2 Qxf7 33. Rf1 Qg6+ 34. Qc2 Qxc2+ 35. Kxc2 dxe3 36. Rxf8+ Bxf8 37. Kd3 Bc5 38. Nf5 Kg8 39. Nxe3 Kf7 40. Ke4 Kg6 41. Nf5 Bf8 42. Kxe5 Kxg5 43. Nd6 Be7 44. b4 Kg4 45. a4 Bg5 46. b5 Bf4+ 47. Ke6 Bxh2 48. b6 Bg1 49. b7 Ba7 50. Nc8 Bb8 51. a5 h5 52. a6 h4 53. a7 Bxa7 54. Nxa7 1-0

[Event "St Veit op 42nd"]
[Site "St Veit"]
[Date "2023.07.13"]
[Round "7"]
[White "Manhardt, Thomas"]
[Black "Hersel, Richard"]
[Result "1-0"]
[WhiteElo "2223"]
[BlackElo "1946"]
[PlyCount "65"]
[EventDate "2023.07.08"]
[EventType "swiss"]
[EventRounds "9"]
[EventCountry "AUT"]
[SourceTitle "CBM 215 Extra"]
[Source "ChessBase"]
[SourceDate "2023.09.30"]
[SourceVersion "1"]
[SourceVersionDate "2023.09.30"]
[SourceQuality "1"]

1. e4 e5 2. Nf3 Nf6 3. Nxe5 d6 4. Nf3 Nxe4 5. Nc3 Nxc3 6. dxc3 Be7 7. Be3 Nc6 8. Qd2 Be6 9. 0-0-0 Qd7 10. Kb1 a6 11. h3 0-0-0 12. g4 Ne5 13. Nd4 Bd5 14. Rg1 Nf3 15. Nxf3 Bxf3 16. Re1 h5 17. Bd4 hxg4 18. Qf4 f5 19. Bd3 Rh5 20. Bxg7 Kb8 21. hxg4 Bxg4 22. Qc4 Rh2 23. Qf4 Rh5 24. Qd4 Bg5 25. c4 Bd2 26. Ref1 c5 27. Qf6 Rg8 28. Bf8 Bf4 29. f3 Rhh8 30. fxg4 Rxf8 31. Bxf5 Qxf5 32. Qxf5 Rxf5 33. gxf5 1-0

[Event "St Veit op 42nd"]
[Site "St Veit"]
[Date "2023.07.12"]
[Round "6"]
[White "Hersel, Richard"]
[Black "Wickramasinghe, Nathaniel"]
[Result "1-0"]
[WhiteElo "1946"]
[BlackElo "1755"]
[PlyCount "63"]
[EventDate "2023.07.08"]
[EventType "swiss"]
[EventRounds "9"]
[EventCountry "AUT"]
[SourceTitle "CBM 215 Extra"]
[Source "ChessBase"]
[SourceDate "2023.09.30"]
[SourceVersion "1"]
[SourceVersionDate "2023.09.30"]
[SourceQuality "1"]

1. e4 c5 2. Nf3 d6 3. d4 cxd4 4. Nxd4 Nf6 5. Nc3 Nc6 6. Bg5 e6 7. Qd2 Be7 8. 0-0-0 a6 9. Bxf6 gxf6 10. f4 Qb6 11. f5 Nxd4 12. Qxd4 Qxd4 13. Rxd4 b5 14. Be2 Bb7 15. Bf3 0-0 16. Re1 Rfd8 17. Bg4 Bc8 18. Rf1 Rb8 19. b4 Bd7 20. Rf3 Bf8 21. Rh3 Rbc8 22. Be2 exf5 23. Nd5 Bg7 24. Ne7+ Kf8 25. Nxc8 Bxc8 26. exf5 Bxf5 27. Bg4 Be6 28. Bxe6 fxe6 29. Ra3 f5 30. Rdd3 d5 31. Rxa6 e5 32. Rf3 1-0

[Event "St Veit op 41st"]
[Site "St Veit"]
[Date "2022.07.10"]
[Round "2"]
[White "Hersel, Richard"]
[Black "Miazhynski, Yuri"]
[Result "0-1"]
[WhiteElo "1870"]
[BlackElo "2166"]
[PlyCount "56"]
[EventDate "2022.07.09"]
[EventType "swiss"]
[EventRounds "9"]
[EventCountry "AUT"]
[SourceTitle "CBM 209 Extra"]
[Source "ChessBase"]
[SourceDate "2022.09.30"]
[SourceVersion "1"]
[SourceVersionDate "2022.09.30"]
[SourceQuality "1"]

1. f4 Nf6 2. Nf3 g6 3. b3 Bg7 4. Bb2 0-0 5. e3 b6 6. Be2 Bb7 7. 0-0 d6 8. h3 Nbd7 9. d3 e5 10. fxe5 Nd5 11. Bc1 Nxe5 12. d4 Nd7 13. c4 N5f6 14. Nc3 c5 15. Qd3 Qe7 16. d5 Rae8 17. Rb1 Ne5 18. Qc2 Nxf3+ 19. Bxf3 Nd7 20. e4 Ne5 21. Be2 Bc8 22. Bf4 g5 23. Bg3 g4 24. Bxg4 Bxg4 25. hxg4 Nxg4 26. Rf3 Bd4+ 27. Kh1 Qg5 28. Bf4 Qh4+ 0-1

[Event "AUT-ch U16"]
[Site "St Veit"]
[Date "2022.04.10"]
[Round "1"]
[White "Hersel, Richard"]
[Black "Marakovits, Nico"]
[Result "0-1"]
[WhiteElo "1800"]
[BlackElo "2254"]
[PlyCount "116"]
[EventDate "2022.04.10"]
[EventType "swiss"]
[EventRounds "7"]
[EventCountry "AUT"]
[SourceTitle "EXT 2023"]
[Source "ChessBase"]
[SourceDate "2022.10.05"]
[SourceVersion "1"]
[SourceVersionDate "2022.10.05"]
[SourceQuality "1"]

1. f4 d5 2. e3 g6 3. Nf3 Bg7 4. d4 Nf6 5. Bd3 Bf5 6. Bxf5 gxf5 7. Qd3 Qc8 8. 0-0 0-0 9. Bd2 Ne4 10. c3 c5 11. Be1 e6 12. Bh4 Qc7 13. Nfd2 Nc6 14. Nxe4 fxe4 15. Qe2 f5 16. Kh1 Rac8 17. Nd2 cxd4 18. exd4 Kh8 19. Rf2 Bh6 20. Raf1 Ne7 21. Bxe7 Qxe7 22. Nb3 Rg8 23. Nc5 b6 24. Nb3 Qh4 25. Qe3 Rg4 26. g3 Qh3 27. Rg2 Bf8 28. Rff2 Bd6 29. Nc1 Qh6 30. Qe1 Rcg8 31. Ne2 Qg7 32. Qd1 Qd7 33. Qb3 Qc6 34. Rg1 b5 35. a3 a5 36. Ra1 Rb8 37. Qd1 Rg7 38. b4 Ra7 39. Qb3 axb4 40. cxb4 Qc4 41. Qb2 Qd3 42. Nc1 Qd1+ 43. Kg2 Qg4 44. Nb3 Qg7 45. Nc5 Bxc5 46. dxc5 d4 47. Rd2 Rd8 48. Rad1 d3 49. Qxg7+ Kxg7 50. c6 Rxa3 51. Kf2 Rc3 52. Ra1 Rxc6 53. g4 Rc2 54. Ke3 Rdc8 55. gxf5 exf5 56. Ra5 Rxd2 57. Kxd2 Rc2+ 58. Kd1 e3 0-1

[Event "Kirchberg op 7th"]
[Site "Kirchberg"]
[Date "2019.09.01"]
[Round "7"]
[White "Hersel, Richard"]
[Black "Wadsack, Thomas"]
[Result "0-1"]
[WhiteElo "1684"]
[BlackElo "1916"]
[PlyCount "34"]
[EventDate "2019.08.26"]
[EventType "swiss"]
[EventRounds "7"]
[EventCountry "AUT"]
[SourceTitle "EXT 2020"]
[Source "ChessBase"]
[SourceDate "2019.10.17"]
[SourceVersion "1"]
[SourceVersionDate "2019.10.17"]
[SourceQuality "1"]

1. b3 Nf6 2. Bb2 d5 3. Nf3 e6 4. e3 Be7 5. Ne5 Nbd7 6. f4 c5 7. Bb5 a6 8. Bxd7+ Nxd7 9. Nxd7 Bxd7 10. Qg4 Bf6 11. Bxf6 Qxf6 12. Nc3 Bc6 13. 0-0 d4 14. Ne2 dxe3 15. dxe3 0-0-0 16. f5 Rd2 17. Rf2 Qxa1+ 0-1

[Event "AUT-ch U14"]
[Site "St Veit"]
[Date "2019.06.11"]
[Round "7.4"]
[White "Hersel, Richard"]
[Black "Marakovits, Nico"]
[Result "1/2-1/2"]
[WhiteElo "1649"]
[BlackElo "1966"]
[PlyCount "83"]
[EventDate "2019.06.08"]
[EventType "swiss"]
[EventRounds "7"]
[EventCountry "AUT"]
[SourceTitle "EXT 2024"]
[Source "ChessBase"]
[SourceDate "2023.10.10"]
[SourceVersion "1"]
[SourceVersionDate "2023.10.10"]
[SourceQuality "1"]

1. d4 Nf6 2. Bg5 d5 3. Bxf6 exf6 4. e3 Bd6 5. g3 c6 6. Nd2 0-0 7. Bg2 f5 8. Ne2 Nd7 9. 0-0 Nf6 10. c4 dxc4 11. Nxc4 Bc7 12. a3 g6 13. b4 h5 14. h4 Ng4 15. d5 cxd5 16. Qxd5 Qe7 17. Nd4 f4 18. exf4 Rd8 19. Rae1 Qf6 20. Qc5 Bb6 21. Nxb6 axb6 22. Qc3 Qxd4 23. Qxd4 Rxd4 24. Re8+ Kg7 25. Rc1 Rxa3 26. Rexc8 Rxb4 27. Bxb7 Rb2 28. R8c2 Rxc2 29. Rxc2 Rb3 30. Bd5 Rb1+ 31. Kg2 Rb5 32. Ba2 Rc5 33. Rxc5 bxc5 34. f3 Ne3+ 35. Kf2 Nf5 36. g4 Nd6 37. Ke3 hxg4 38. fxg4 Kh6 39. Kd3 f5 40. gxf5 gxf5 41. Be6 Kg6 42. h5+ 1/2-1/2

[Event "AUT-ch U14"]
[Site "St Veit"]
[Date "2019.06.10"]
[Round "5.3"]
[White "Kienboeck, Benjamin"]
[Black "Hersel, Richard"]
[Result "1/2-1/2"]
[WhiteElo "1776"]
[BlackElo "1649"]
[PlyCount "56"]
[EventDate "2019.06.08"]
[EventType "swiss"]
[EventRounds "7"]
[EventCountry "AUT"]
[SourceTitle "EXT 2024"]
[Source "ChessBase"]
[SourceDate "2023.10.10"]
[SourceVersion "1"]
[SourceVersionDate "2023.10.10"]
[SourceQuality "1"]

1. e4 c6 2. d4 d5 3. exd5 cxd5 4. Bd3 Nc6 5. c3 e6 6. Bf4 Bd6 7. Bxd6 Qxd6 8. Nf3 Nf6 9. 0-0 0-0 10. Re1 Nd7 11. Qc2 h6 12. Nbd2 e5 13. dxe5 Ndxe5 14. Bf5 d4 15. Nxd4 Nxd4 16. cxd4 Qxd4 17. Rad1 Qf4 18. Bxc8 Raxc8 19. Qe4 Qxe4 20. Rxe4 Rfd8 21. Kf1 Rc2 22. Rxe5 Rdxd2 23. Rxd2 Rxd2 24. Re2 Rd1+ 25. Re1 Rd2 26. Re2 Rd1+ 27. Re1 Rd2 28. Re2 Rd1+ 1/2-1/2

[Event "AUT-ch U14"]
[Site "St Veit"]
[Date "2019.06.10"]
[Round "6.3"]
[White "Ramsbacher, David"]
[Black "Hersel, Richard"]
[Result "1-0"]
[WhiteElo "1565"]
[BlackElo "1649"]
[PlyCount "57"]
[EventDate "2019.06.08"]
[EventType "swiss"]
[EventRounds "7"]
[EventCountry "AUT"]
[SourceTitle "EXT 2024"]
[Source "ChessBase"]
[SourceDate "2023.10.10"]
[SourceVersion "1"]
[SourceVersionDate "2023.10.10"]
[SourceQuality "1"]

1. d4 Nf6 2. Nf3 c5 3. e3 cxd4 4. exd4 d5 5. Bd3 Bg4 6. c3 e6 7. Bf4 Bd6 8. Bxd6 Qxd6 9. Nbd2 0-0 10. 0-0 Nc6 11. Qc2 Bh5 12. Rfe1 Bg6 13. Bxg6 hxg6 14. Ne5 Nd7 15. f4 Ncxe5 16. fxe5 Qc6 17. Re3 b5 18. Qd1 f5 19. exf6 Rxf6 20. Qg4 Qd6 21. Rae1 Kf7 22. Nf3 Nf8 23. Ne5+ Ke7 24. Rf3 Rxf3 25. Qxf3 Qc7 26. Qg4 Qd6 27. Qg5+ Ke8 28. Nxg6 Nh7 29. Qh5 1-0

[Event "EU Union-ch U12 16th"]
[Site "Mureck"]
[Date "2018.08.07"]
[Round "7"]
[White "Javornik, Nik"]
[Black "Hersel, Richard"]
[Result "1/2-1/2"]
[WhiteElo "1341"]
[BlackElo "1585"]
[PlyCount "63"]
[EventDate "2018.08.01"]
[EventType "swiss"]
[EventRounds "9"]
[EventCountry "AUT"]
[SourceTitle "CBM 186 Extra"]
[Source "ChessBase"]
[SourceDate "2018.08.24"]
[SourceVersion "1"]
[SourceVersionDate "2018.08.24"]
[SourceQuality "1"]

1. e4 c6 2. d4 d5 3. Nc3 dxe4 4. Nxe4 Nd7 5. Bd3 Ndf6 6. Nf3 Bg4 7. c3 e6 8. Qe2 Nxe4 9. Qxe4 Nf6 10. Qe2 Qc7 11. h3 Bh5 12. g4 Bg6 13. Ne5 Bxd3 14. Nxd3 Bd6 15. Bd2 h6 16. Rf1 0-0-0 17. 0-0-0 Rhe8 18. f4 c5 19. dxc5 Bxc5 20. Be3 Bxe3+ 21. Qxe3 Kb8 22. Ne5 Rxd1+ 23. Rxd1 Nd5 24. Qf2 f6 25. Ng6 Rc8 26. Qd4 Qa5 27. Kb1 Qb5 28. Rc1 Rc4 29. Qd2 Re4 30. Rc2 Qf1+ 31. Rc1 Qb5 32. Rc2 1/2-1/2

[Event "EU Union-ch U12 16th"]
[Site "Mureck"]
[Date "2018.08.06"]
[Round "6"]
[White "Hersel, Richard"]
[Black "Wendl, Philipp"]
[Result "1/2-1/2"]
[WhiteElo "1585"]
[BlackElo "1462"]
[PlyCount "60"]
[EventDate "2018.08.01"]
[EventType "swiss"]
[EventRounds "9"]
[EventCountry "AUT"]
[SourceTitle "CBM 186 Extra"]
[Source "ChessBase"]
[SourceDate "2018.08.24"]
[SourceVersion "1"]
[SourceVersionDate "2018.08.24"]
[SourceQuality "1"]

1. d4 d5 2. Bf4 Nf6 3. e3 Bf5 4. Nd2 e6 5. Ngf3 c5 6. c3 Nc6 7. Ne5 Nxe5 8. Bxe5 Bd6 9. Bb5+ Kf8 10. Nf3 Bxe5 11. Nxe5 c4 12. Ba4 a6 13. Bc2 Bxc2 14. Qxc2 g6 15. 0-0 Kg7 16. Rfe1 Qc7 17. Nf3 b5 18. a3 a5 19. Nd2 Rhd8 20. g3 Qb7 21. e4 dxe4 22. Nxe4 Nxe4 23. Qxe4 Qxe4 24. Rxe4 Rd5 25. Rae1 Rad8 26. Re5 Rxe5 27. Rxe5 Rd5 28. f4 Kf6 29. Re3 h5 30. h4 Ke7 1/2-1/2

[Event "EU Union-ch U12 16th"]
[Site "Mureck"]
[Date "2018.08.02"]
[Round "2"]
[White "Zogg, Alexander"]
[Black "Hersel, Richard"]
[Result "1-0"]
[WhiteElo "1555"]
[BlackElo "1585"]
[PlyCount "47"]
[EventDate "2018.08.01"]
[EventType "swiss"]
[EventRounds "9"]
[EventCountry "AUT"]
[SourceTitle "CBM 186 Extra"]
[Source "ChessBase"]
[SourceDate "2018.08.24"]
[SourceVersion "1"]
[SourceVersionDate "2018.08.24"]
[SourceQuality "1"]

1. e4 c6 2. d4 d5 3. f3 e6 4. Nc3 Bb4 5. Bf4 Nd7 6. Qd3 Qa5 7. Nge2 Ne7 8. a3 Bxc3+ 9. Nxc3 0-0 10. Be2 Ng6 11. Bd6 Re8 12. Bg3 Nf6 13. Qe3 e5 14. 0-0-0 exd4 15. Rxd4 dxe4 16. Nxe4 Nxe4 17. Rxe4 Rxe4 18. Qxe4 Be6 19. f4 Qd5 20. Qf3 Qxf3 21. Bxf3 Rd8 22. Re1 Nf8 23. Bf2 a6 24. h3 1-0

[Event "AUT-ch U10"]
[Site "St Veit"]
[Date "2016.05.29"]
[Round "7.9"]
[White "Krakow, Alexander Georg"]
[Black "Hersel, Richard"]
[Result "0-1"]
[WhiteElo "1104"]
[BlackElo "1472"]
[PlyCount "76"]
[EventDate "2016.05.27"]
[EventType "swiss"]
[EventRounds "7"]
[EventCountry "AUT"]
[SourceTitle "EXT 2024"]
[Source "ChessBase"]
[SourceDate "2023.10.10"]
[SourceVersion "1"]
[SourceVersionDate "2023.10.10"]
[SourceQuality "1"]

1. e4 c5 2. Nf3 Nc6 3. c3 d6 4. d4 Bg4 5. d5 Nb8 6. h3 Bh5 7. Bc4 Nf6 8. Nbd2 a6 9. 0-0 Nbd7 10. Be2 Bxf3 11. Bxf3 Ne5 12. a3 g6 13. b4 Qc7 14. Bb2 Bh6 15. Re1 Nd3 16. Re2 Nxb2 17. Qc2 Bxd2 18. Rxd2 Nc4 19. Re2 Ne5 20. Re3 c4 21. Be2 b5 22. f4 Ned7 23. g4 Qb6 24. Qd2 Nxe4 25. Qd4 Qxd4 26. cxd4 Nef6 27. Bf3 Nb6 28. Rae1 Ra7 29. g5 Nfxd5 30. R3e2 Nxf4 31. Rh2 Ne6 32. Rd2 Nxg5 33. Bc6+ Kd8 34. Kg2 d5 35. Re5 Ne4 36. Bxd5 Nxd2 37. Bf3 Nxf3 38. Kxf3 Kd7 0-1

[Event "AUT-ch U10"]
[Site "Woerth"]
[Date "2015.06.07"]
[Round "7.2"]
[White "Hersel, Richard"]
[Black "Wagner, Leopold Franziskus"]
[Result "1/2-1/2"]
[WhiteElo "1205"]
[BlackElo "1803"]
[PlyCount "68"]
[EventDate "2015.06.05"]
[EventType "swiss"]
[EventRounds "7"]
[EventCountry "AUT"]
[SourceTitle "EXT 2024"]
[Source "ChessBase"]
[SourceDate "2023.10.10"]
[SourceVersion "1"]
[SourceVersionDate "2023.10.10"]
[SourceQuality "1"]

1. e4 c5 2. Nf3 Nc6 3. Bc4 g6 4. d3 Bg7 5. Nbd2 e6 6. 0-0 Nge7 7. Re1 0-0 8. a3 a6 9. Ba2 b5 10. Rb1 d5 11. exd5 Nxd5 12. Bxd5 exd5 13. Nf1 Bb7 14. Ng3 Re8 15. Bd2 Qd7 16. Qc1 d4 17. Rxe8+ Rxe8 18. Bh6 Ne5 19. Nxe5 Bxe5 20. Bf4 Bh8 21. Bd2 Qd5 22. f3 c4 23. dxc4 bxc4 24. Qd1 h5 25. Qf1 Bc6 26. Rd1 Bb5 27. c3 d3 28. Re1 Qb7 29. Rxe8+ Bxe8 30. Bc1 Ba4 31. Qe1 Bg7 32. Nf1 Bf8 33. Nd2 Bc5+ 34. Kh1 Qd5 1/2-1/2

[Event "AUT-ch U10"]
[Site "Woerth"]
[Date "2015.06.06"]
[Round "5.6"]
[White "Hersel, Richard"]
[Black "Woschitz, Thomas"]
[Result "1/2-1/2"]
[WhiteElo "1205"]
[BlackElo "1122"]
[PlyCount "89"]
[EventDate "2015.06.05"]
[EventType "swiss"]
[EventRounds "7"]
[EventCountry "AUT"]
[SourceTitle "EXT 2024"]
[Source "ChessBase"]
[SourceDate "2023.10.10"]
[SourceVersion "1"]
[SourceVersionDate "2023.10.10"]
[SourceQuality "1"]

1. d4 f5 2. Bf4 g6 3. Be5 Nf6 4. Bxf6 exf6 5. Nc3 Bg7 6. e3 c6 7. Nf3 d5 8. Bd3 Na6 9. Qd2 Nc7 10. a3 Be6 11. 0-0-0 a6 12. Na4 b5 13. Nc5 0-0 14. h3 a5 15. Nxe6 Nxe6 16. g4 fxg4 17. hxg4 c5 18. Bxb5 c4 19. Ba4 Rb8 20. c3 Rb6 21. Bc2 Qd7 22. Qe2 Qb7 23. Bb1 Rb8 24. Rd2 Bf8 25. Kd1 Bxa3 26. Ke1 Rxb2 27. Rxb2 Qxb2 28. Qxb2 Rxb2 29. Nd2 Bd6 30. Ke2 Nf4+ 31. exf4 Bxf4 32. Rd1 Bxd2 33. Rxd2 Rxb1 34. Ra2 Rb5 35. Kd2 h5 36. gxh5 gxh5 37. f3 h4 38. Kc1 h3 39. Rh2 a4 40. Rxh3 a3 41. Rh2 Ra5 42. Kb1 Kf7 43. Ka2 Kg6 44. Rg2+ Kf5 45. Rg4 1/2-1/2

[Event "AUT-ch U10"]
[Site "Woerth"]
[Date "2015.06.06"]
[Round "4.5"]
[White "Koglbauer, Til"]
[Black "Hersel, Richard"]
[Result "1-0"]
[WhiteElo "1203"]
[BlackElo "1205"]
[PlyCount "108"]
[EventDate "2015.06.05"]
[EventType "swiss"]
[EventRounds "7"]
[EventCountry "AUT"]
[SourceTitle "EXT 2024"]
[Source "ChessBase"]
[SourceDate "2023.10.10"]
[SourceVersion "1"]
[SourceVersionDate "2023.10.10"]
[SourceQuality "1"]

1. e4 Nc6 2. Nf3 e5 3. c3 Nf6 4. d4 exd4 5. e5 Ng8 6. cxd4 Bb4+ 7. Nc3 f6 8. Bc4 Bxc3+ 9. bxc3 fxe5 10. Nxe5 Nxe5 11. dxe5 g6 12. 0-0 d6 13. Qf3 Qe7 14. Ba3 Bf5 15. exd6 Qd7 16. Rfe1+ Kd8 17. Qxb7 Rc8 18. Qxa7 cxd6 19. Qa5+ Qc7 20. Qxc7+ Rxc7 21. Bb5 Bd7 22. Bxd7 Kxd7 23. Bb4 Nf6 24. Rad1 Rc6 25. Rd2 Re8 26. Rxe8 Nxe8 27. a4 Nf6 28. f3 Ne8 29. Kf2 Ra6 30. a5 Nc7 31. c4 Ke7 32. Ke3 Ke6 33. Ke4 Ne8 34. g4 Nf6+ 35. Kf4 Nd7 36. h4 Rc6 37. Kg5 Nf8 38. h5 gxh5 39. Kxh5 Ng6 40. Rd4 Ne5 41. Re4 Kd7 42. f4 Nxc4 43. g5 d5 44. Re7+ Kd8 45. Rxh7 Re6 46. f5 Re8 47. f6 Ne5 48. g6 Nxg6 49. Kxg6 Re6 50. Kf5 Re2 51. f7 Rf2+ 52. Kg4 Kc8 53. f8Q+ Rxf8 54. Bxf8 Kb8 1-0

[Event "AUT-ch U10"]
[Site "Woerth"]
[Date "2015.06.05"]
[Round "3.7"]
[White "Hersel, Richard"]
[Black "Vinatzer, Maximilian"]
[Result "1-0"]
[WhiteElo "1205"]
[BlackElo "1051"]
[PlyCount "142"]
[EventDate "2015.06.05"]
[EventType "swiss"]
[EventRounds "7"]
[EventCountry "AUT"]
[SourceTitle "EXT 2024"]
[Source "ChessBase"]
[SourceDate "2023.10.10"]
[SourceVersion "1"]
[SourceVersionDate "2023.10.10"]
[SourceQuality "1"]

1. d4 Nf6 2. Nc3 d5 3. Bf4 Bf5 4. Nf3 e6 5. a3 Nc6 6. e3 a6 7. Be5 Ne4 8. h3 Bd6 9. Bxg7 Rg8 10. Be5 Nxe5 11. dxe5 Nxc3 12. bxc3 Bc5 13. g4 Be4 14. Bd3 Bb6 15. Rh2 c5 16. Nd2 Bc7 17. f4 c4 18. Bxe4 dxe4 19. Nxe4 Ba5 20. Qxd8+ Rxd8 21. Ke2 Rg6 22. Rb1 b5 23. Ra1 Bb6 24. a4 bxa4 25. Rxa4 Ra8 26. Nd6+ Ke7 27. Nxc4 Bc7 28. g5 a5 29. Rh1 h6 30. h4 hxg5 31. hxg5 Rgg8 32. Kf3 Rh8 33. Rxh8 Rxh8 34. Kg3 Rh1 35. Nxa5 Rc1 36. Nb3 Rxc2 37. Rc4 Kd8 38. Nd4 Rc1 39. Ne2 Re1 40. Kf2 Rd1 41. Rd4+ Rxd4 42. exd4 Bb6 43. Kf3 Ke8 44. c4 Ba5 45. c5 Bd8 46. Kg4 Kf8 47. Nc3 Ba5 48. Nb5 Kg8 49. f5 exf5+ 50. Kxf5 Bd8 51. g6 Be7 52. gxf7+ Kxf7 53. e6+ Ke8 54. Nc7+ Kd8 55. Nd5 Bf8 56. e7+ Bxe7 57. Nxe7 Kxe7 58. c6 Kd8 59. d5 Kc7 60. Ke6 Kd8 61. d6 Kc8 62. Ke7 Kb8 63. d7 Ka7 64. d8R Kb6 65. Ke6 Kc7 66. Rd7+ Kc8 67. c7 Kb7 68. c8Q+ Kxc8 69. Kd6 Kb8 70. Rg7 Ka8 71. Kc6 Kb8 1-0

[Event "EU Union-ch U09 12th"]
[Site "Mureck"]
[Date "2014.08.07"]
[Round "9"]
[White "Pichler, Nola"]
[Black "Hersel, Richard"]
[Result "0-1"]
[WhiteElo "906"]
[BlackElo "1139"]
[PlyCount "62"]
[EventDate "2014.07.30"]
[EventType "swiss"]
[EventRounds "9"]
[EventCountry "AUT"]
[SourceTitle "CBM 161 Extra"]
[Source "ChessBase"]
[SourceDate "2014.08.29"]
[SourceVersion "1"]
[SourceVersionDate "2014.08.29"]
[SourceQuality "1"]

1. e4 e5 2. Nf3 Nc6 3. Nc3 Bc5 4. Bc4 Nf6 5. d3 h6 6. 0-0 0-0 7. b3 d6 8. h3 Bd4 9. Bb2 a5 10. Nxd4 Nxd4 11. Nd5 Nxd5 12. Bxd5 c6 13. Bxd4 exd4 14. Bc4 b5 15. Bxf7+ Rxf7 16. Qh5 Qg5 17. Qxg5 hxg5 18. Rfe1 Re7 19. Re2 g4 20. Rae1 gxh3 21. gxh3 Bxh3 22. Kh2 Bg4 23. Rd2 Rae8 24. Kg3 Bd7 25. Rde2 Bc8 26. Kf4 Rf8+ 27. Kg5 Re5+ 28. Kh4 Rf6 29. Rg1 Rh6+ 30. Kg3 Rg5+ 31. Kf3 Rf6# 0-1

[Event "EU Union-ch U09 12th"]
[Site "Mureck"]
[Date "2014.08.06"]
[Round "8"]
[White "Hersel, Richard"]
[Black "Lhotska, Anna"]
[Result "0-1"]
[WhiteElo "1139"]
[BlackElo "1293"]
[PlyCount "70"]
[EventDate "2014.07.30"]
[EventType "swiss"]
[EventRounds "9"]
[EventCountry "AUT"]
[SourceTitle "CBM 161 Extra"]
[Source "ChessBase"]
[SourceDate "2014.08.29"]
[SourceVersion "1"]
[SourceVersionDate "2014.08.29"]
[SourceQuality "1"]

1. d4 Nf6 2. Nc3 e6 3. Nf3 d5 4. Bf4 Be7 5. h3 0-0 6. e3 b6 7. Be2 Bb7 8. Nb5 Bd6 9. Bxd6 cxd6 10. 0-0 Nc6 11. c3 a6 12. Na3 e5 13. Bd3 e4 14. Bc2 exf3 15. Qxf3 Re8 16. Rfe1 Ne4 17. Qf5 Ne7 18. Qg4 Ng6 19. Qh5 Qf6 20. Bxe4 dxe4 21. b4 Re6 22. Qd1 Qg5 23. g3 Nh4 24. Kf1 Nf3 25. Re2 Rh6 26. h4 Rxh4 27. Rc2 Rh1+ 28. Ke2 Rxd1 29. Rxd1 Qg4 30. Kf1 Re8 31. Nc4 Re6 32. Nd2 Rh6 33. Ke2 Nxd4+ 34. Kf1 Qxd1+ 35. Kg2 Qh1# 0-1

[Event "EU Union-ch U09 12th"]
[Site "Mureck"]
[Date "2014.08.05"]
[Round "7"]
[White "Hersel, Richard"]
[Black "Lukac, Alina"]
[Result "0-1"]
[WhiteElo "1139"]
[BlackElo "1088"]
[PlyCount "156"]
[EventDate "2014.07.30"]
[EventType "swiss"]
[EventRounds "9"]
[EventCountry "AUT"]
[SourceTitle "CBM 161 Extra"]
[Source "ChessBase"]
[SourceDate "2014.08.29"]
[SourceVersion "1"]
[SourceVersionDate "2014.08.29"]
[SourceQuality "1"]

1. e4 c5 2. c3 d6 3. Bc4 Nf6 4. d3 e6 5. Bg5 Be7 6. Bxf6 Bxf6 7. d4 cxd4 8. cxd4 0-0 9. h3 a6 10. Nc3 Qc7 11. Bb3 b5 12. Bc2 Bb7 13. Qd3 Nd7 14. Nf3 g6 15. 0-0 Bg7 16. Rfe1 Rac8 17. Rac1 Rfe8 18. Bb3 Qb6 19. Rcd1 Re7 20. d5 Nc5 21. Qe3 e5 22. Bc2 Qc7 23. Qg5 Ree8 24. Rc1 Qe7 25. Qxe7 Rxe7 26. Bb1 Ree8 27. b4 Nd7 28. Ne2 Nf6 29. Rc2 Nxe4 30. Rxc8 Rxc8 31. Bxe4 Rc4 32. Ng5 h6 33. Bd3 Rxb4 34. Ne4 Bxd5 35. Nxd6 Rb2 36. Nc3 Bc6 37. Nc8 Bb7 38. Nd6 Bc6 39. Nde4 f5 40. Nc5 e4 41. Nd1 Rxa2 42. Be2 a5 43. Ne3 a4 44. Nc4 Rc2 45. Nxe4 fxe4 46. Nd6 a3 47. Bd1 Rc1 48. Bb3+ Rc4 49. Nxc4 bxc4 50. Bxc4+ Kf8 51. Re3 Bb2 52. f3 exf3 53. gxf3 Kg7 54. Re7+ Kf8 55. Ra7 Bd4+ 56. Kf1 Bxa7 57. Ke2 Ke7 58. Kd2 Kd6 59. Kc3 Bd5 60. Bxd5 Kxd5 61. Kb3 Bc5 62. Ka2 Ke5 63. Ka1 Kf4 64. Ka2 Kxf3 65. Ka1 Kg3 66. h4 Kxh4 67. Kb1 g5 68. Ka2 g4 69. Ka1 g3 70. Ka2 g2 71. Ka1 g1Q+ 72. Ka2 Qf2+ 73. Kb3 Qd4 74. Kc2 a2 75. Kb3 a1R 76. Kc2 Qd1+ 77. Kc3 Rc1+ 78. Kb2 Qc2# 0-1

[Event "EU Union-ch U09 12th"]
[Site "Mureck"]
[Date "2014.08.04"]
[Round "6"]
[White "Schulze, Lukas"]
[Black "Hersel, Richard"]
[Result "0-1"]
[WhiteElo "1243"]
[BlackElo "1139"]
[PlyCount "50"]
[EventDate "2014.07.30"]
[EventType "swiss"]
[EventRounds "9"]
[EventCountry "AUT"]
[SourceTitle "CBM 161 Extra"]
[Source "ChessBase"]
[SourceDate "2014.08.29"]
[SourceVersion "1"]
[SourceVersionDate "2014.08.29"]
[SourceQuality "1"]

1. e4 e5 2. Nf3 Nc6 3. Bc4 Bc5 4. c3 Nf6 5. d4 exd4 6. cxd4 Bb4+ 7. Nc3 Bxc3+ 8. bxc3 Nxe4 9. 0-0 d5 10. Re1 0-0 11. Bb5 Nxc3 12. Qd3 Nxb5 13. Qxb5 a6 14. Qd3 Nb4 15. Qb1 Nc6 16. Ng5 g6 17. Bf4 Nxd4 18. Qb2 Qf6 19. Be3 Nf3+ 20. Nxf3 Qxb2 21. Bd4 Qb5 22. Rab1 Qc4 23. Rec1 Qxa2 24. Rb2 Qa3 25. Rxc7 Qa1+ 0-1